[Event "Quebec op U2000"]
[Site "Ste-Foy CAN"]
[Date "2017.08.18"]
[Round "8.27"]
[White "Gauthier, Luc"]
[Black "Beauchesne, Jonathan"]
[Result "1/2-1/2"]
[WhiteElo "1696"]
[BlackElo "1778"]
[WhiteFideId "-1"]
[WhiteFideId "-1"]
[PlyCount "88"]
[GameId "2160767908347392"]
[EventDate "2017.08.12"]
[EventType "swiss"]
[EventRounds "9"]
[EventCountry "CAN"]
[SourceTitle "EXT 2022"]
[Source "ChessBase"]
[SourceDate "2021.10.06"]
[SourceVersion "1"]
[SourceVersionDate "2021.10.06"]
[SourceQuality "1"]

1. e4 c5 2. Nc3 Nc6 3. g3 Nf6 4. Bg2 e6 5. f4 d6 6. d3 Be7 7. Nf3 O-O 8. O-O a6 9. h3 Qc7 10. g4 b5 11. Ne2 Bb7 12. Ng3 b4 13. c3 a5 14. g5 Nd7 15. f5 exf5 16. Nxf5 Nde5 17. Nh2 Nd8 18. Ng4 Nxg4 19. Qxg4 Kh8 20. h4 Bc8 21. Qg3 Ra6 22. h5 Rg8 23. Bf4 Bxf5 24. exf5 Qb6 25. Bd5 Qa7 26. Qe3 Re8 27. g6 f6 28. gxh7 Qd7 29. Qh3 Bf8 30. Qg4 Nf7 31. Be6 Qa7 32. Qg6 Re7 33. h6 Ne5 34. Qg3 Rb6 35. c4 Rb8 36. Rae1 a4 37. Re2 Rd8 38. Rg2 Qc7 39. Kh2 Qa7 40. Rfg1 Qc7 41. Qe3 Qa7 42. Kh1 Rb8 43. Rg3 Rbb7 44. R1g2 Rbc7 1/2-1/2

[Event "Quebec op U2000"]
[Site "Ste-Foy CAN"]
[Date "2017.08.18"]
[Round "8.29"]
[White "Bolduc, Olivier"]
[Black "Duplessis, Claude"]
[Result "1-0"]
[WhiteElo "1593"]
[BlackElo "1552"]
[WhiteFideId "-1"]
[WhiteFideId "-1"]
[PlyCount "59"]
[GameId "2160767908347393"]
[EventDate "2017.08.12"]
[EventType "swiss"]
[EventRounds "9"]
[EventCountry "CAN"]
[SourceTitle "EXT 2022"]
[Source "ChessBase"]
[SourceDate "2021.10.06"]
[SourceVersion "1"]
[SourceVersionDate "2021.10.06"]
[SourceQuality "1"]

1. d4 f5 2. g3 Nf6 3. Bg2 e6 4. Nf3 Be7 5. c4 O-O 6. O-O d6 7. Nc3 Nbd7 8. Re1 Qe8 9. e4 fxe4 10. Nxe4 Nxe4 11. Rxe4 Nf6 12. Re1 Qh5 13. Ng5 Ng4 14. h3 Bxg5 15. hxg4 Qg6 16. f4 Bd8 17. d5 e5 18. Be4 Qf6 19. f5 Bd7 20. Kg2 b5 21. g5 Qf7 22. g4 bxc4 23. Rh1 g6 24. f6 Rb8 25. Qf3 Rb4 26. Rh6 Qe8 27. Bxg6 hxg6 28. Qh3 Bxf6 29. gxf6 e4 30. Rh7 1-0

[Event "Quebec op U2000"]
[Site "Ste-Foy CAN"]
[Date "2017.08.19"]
[Round "9.16"]
[White "Abran, David"]
[Black "Fecteau, Martin"]
[Result "1-0"]
[WhiteElo "1778"]
[BlackElo "1947"]
[WhiteFideId "-1"]
[WhiteFideId "-1"]
[PlyCount "53"]
[GameId "2160767908347394"]
[EventDate "2017.08.12"]
[EventType "swiss"]
[EventRounds "9"]
[EventCountry "CAN"]
[SourceTitle "EXT 2022"]
[Source "ChessBase"]
[SourceDate "2021.10.06"]
[SourceVersion "1"]
[SourceVersionDate "2021.10.06"]
[SourceQuality "1"]

1. e4 e5 2. f4 d6 3. Nf3 Nc6 4. d4 exd4 5. Nxd4 Bd7 6. Nc3 Qe7 7. Be2 O-O-O 8. O-O Nf6 9. Bf3 Kb8 10. Be3 Nxd4 11. Qxd4 c5 12. Qd3 Qe8 13. h3 Bc6 14. Rfe1 Be7 15. a4 Rd7 16. Nd5 Bxd5 17. exd5 Rc7 18. b4 cxb4 19. Qd4 b6 20. Qxb4 Qd8 21. a5 Rb7 22. axb6 axb6 23. Bxb6 Qd7 24. Qa5 Kc8 25. Re3 Bd8 26. Rc3+ Bc7 27. Rxc7+ 1-0

[Event "Quebec op U2000"]
[Site "Ste-Foy CAN"]
[Date "2017.08.19"]
[Round "9.17"]
[White "Perreault, Jacquelin"]
[Black "Liard, Serge"]
[Result "1/2-1/2"]
[WhiteElo "1665"]
[BlackElo "1991"]
[WhiteFideId "-1"]
[WhiteFideId "-1"]
[PlyCount "102"]
[GameId "2160767908347395"]
[EventDate "2017.08.12"]
[EventType "swiss"]
[EventRounds "9"]
[EventCountry "CAN"]
[SourceTitle "EXT 2022"]
[Source "ChessBase"]
[SourceDate "2021.10.06"]
[SourceVersion "1"]
[SourceVersionDate "2021.10.06"]
[SourceQuality "1"]

1. e4 e6 2. d4 d5 3. Nd2 dxe4 4. Nxe4 Nd7 5. Nf3 Ngf6 6. Bg5 h6 7. Nxf6+ Nxf6 8. Bh4 c5 9. Be2 Qb6 10. O-O Be7 11. c3 O-O 12. Qc2 Bd7 13. Rad1 Rfd8 14. Ne5 Be8 15. Nc4 Qc7 16. Bg3 Qc8 17. dxc5 Qxc5 18. Rxd8 Rxd8 19. Rd1 Rxd1+ 20. Qxd1 Ne4 21. Qd4 Nxg3 22. hxg3 Qxd4 23. cxd4 b5 24. Ne5 f6 25. Nf3 Bd8 26. g4 Bb6 27. Bd3 Bc6 28. Kf1 b4 29. Ke2 Bxf3+ 30. Kxf3 Bxd4 31. b3 Kf7 32. Bc4 Ke7 33. Ke2 g5 34. f3 Kd6 35. Kd3 Ke5 36. Bxe6 Bb6 37. Bf5 Kf4 38. Ke2 h5 39. Bd7 h4 40. Bc6 Bg1 41. Bd7 Kg3 42. Kf1 Bh2 43. Bc6 Kf4 44. Ke2 a5 45. Be4 Ke5 46. Kd3 Bg1 47. Bb7 f5 48. gxf5 Kxf5 49. Bc6 Bb6 50. Bb7 Kf4 51. Ke2 Ke5 1/2-1/2

[Event "Quebec op U2000"]
[Site "Ste-Foy CAN"]
[Date "2017.08.19"]
[Round "9.18"]
[White "Tinica, Gabriel"]
[Black "Boulianne, Gabriel"]
[Result "1/2-1/2"]
[WhiteElo "1880"]
[BlackElo "1832"]
[WhiteFideId "-1"]
[WhiteFideId "-1"]
[PlyCount "43"]
[GameId "2160767908347396"]
[EventDate "2017.08.12"]
[EventType "swiss"]
[EventRounds "9"]
[EventCountry "CAN"]
[SourceTitle "EXT 2022"]
[Source "ChessBase"]
[SourceDate "2021.10.06"]
[SourceVersion "1"]
[SourceVersionDate "2021.10.06"]
[SourceQuality "1"]

1. d4 Nf6 2. c4 e6 3. Nc3 Bb4 4. f3 d5 5. a3 Bxc3+ 6. bxc3 c5 7. e3 O-O 8. Bd3 b6 9. Ne2 Ba6 10. cxd5 exd5 11. O-O Re8 12. Bxa6 Nxa6 13. Qd3 Nc7 14. Ng3 Ne6 15. Bb2 Qd7 16. Rfe1 Rad8 17. Rad1 Qc6 18. e4 dxe4 19. fxe4 cxd4 20. cxd4 Qa4 21. Nf5 Nh5 22. g3 1/2-1/2

[Event "Quebec op U2000"]
[Site "Ste-Foy CAN"]
[Date "2017.08.19"]
[Round "9.19"]
[White "Richard, Leo"]
[Black "Pecorini, Angie"]
[Result "1/2-1/2"]
[WhiteElo "1734"]
[BlackElo "1901"]
[WhiteFideId "-1"]
[WhiteFideId "-1"]
[PlyCount "145"]
[GameId "2160767908347397"]
[EventDate "2017.08.12"]
[EventType "swiss"]
[EventRounds "9"]
[EventCountry "CAN"]
[SourceTitle "EXT 2022"]
[Source "ChessBase"]
[SourceDate "2021.10.06"]
[SourceVersion "1"]
[SourceVersionDate "2021.10.06"]
[SourceQuality "1"]

1. e4 c5 2. Nf3 d6 3. d4 cxd4 4. Nxd4 Nf6 5. Nc3 Nc6 6. Be3 Ng4 7. Qd2 Nxe3 8. Qxe3 g6 9. O-O-O Bg7 10. Nb3 Bd7 11. f3 Rc8 12. Kb1 a5 13. a3 Ne5 14. Nd5 a4 15. Nd2 b5 16. Qb6 Qxb6 17. Nxb6 Rb8 18. Nd5 e6 19. Nb4 Ke7 20. Be2 Rhc8 21. c3 Bh6 22. g3 Be3 23. f4 Nc6 24. Bf3 g5 25. Nd3 Rg8 26. Rhe1 Ba7 27. e5 d5 28. f5 Na5 29. fxe6 fxe6 30. Rf1 Rbf8 31. Bh5 Nc6 32. Rde1 Bb8 33. Bd1 Be8 34. Bc2 Bg6 35. Kc1 Kd8 36. Nc5 Rxf1 37. Nxf1 Bxc2 38. Kxc2 Ke7 39. Nd3 Rf8 40. g4 h6 41. Nd2 d4 42. c4 bxc4 43. Nxc4 Rf3 44. Nb6 Rh3 45. Re2 Re3 46. Rxe3 dxe3 47. Nc4 e2 48. Kd2 Nd4 49. Ke3 Ba7 50. Kf2 Kd7 51. h3 Ke7 52. Ke1 Kf8 53. Nd6 Kg7 54. Ne4 Kg6 55. Ng3 Nf3+ 56. Kxe2 Ng1+ 57. Kf1 Nxh3 58. Kg2 Nf4+ 59. Nxf4+ gxf4 60. Ne2 Kg5 61. Kf3 Be3 62. Nc3 Bd4 63. Nxa4 Bxe5 64. b4 Kf6 65. b5 Ke7 66. b6 Kd6 67. Ke4 f3 68. Kxf3 Kc6 69. b7 Kxb7 70. Nc5+ Kc6 71. Nxe6 Kb5 72. Ke4 Bb2 73. Kf5 1/2-1/2

[Event "Quebec op U2000"]
[Site "Ste-Foy CAN"]
[Date "2017.08.19"]
[Round "9.20"]
[White "Lalonde, Jean-Louis"]
[Black "Sauve, Richard"]
[Result "1/2-1/2"]
[WhiteElo "1891"]
[BlackElo "1857"]
[WhiteFideId "-1"]
[WhiteFideId "-1"]
[PlyCount "96"]
[GameId "2160767908347398"]
[EventDate "2017.08.12"]
[EventType "swiss"]
[EventRounds "9"]
[EventCountry "CAN"]
[SourceTitle "EXT 2022"]
[Source "ChessBase"]
[SourceDate "2021.10.06"]
[SourceVersion "1"]
[SourceVersionDate "2021.10.06"]
[SourceQuality "1"]

1. d4 d5 2. Nf3 Nf6 3. e3 e6 4. Bd3 c5 5. c3 Nc6 6. Nbd2 Bd6 7. O-O O-O 8. Qe2 Qe7 9. dxc5 Bxc5 10. e4 Bb6 11. e5 Nd7 12. Nb3 f6 13. exf6 Nxf6 14. Bg5 e5 15. Bb5 Bg4 16. Bxc6 Bxf3 17. Qxf3 bxc6 18. Rae1 Qd6 19. Qd1 Bc7 20. Nd2 Rae8 21. Bh4 g6 22. c4 Nh5 23. Bg3 Nxg3 24. hxg3 e4 25. Re3 Qe5 26. cxd5 cxd5 27. Nf3 Qd6 28. Nd4 Bb6 29. Qd2 Rf7 30. Rc1 Qd7 31. b3 Ref8 32. Re2 Qe7 33. Nc6 Qe6 34. Nd4 Qf6 35. Rd1 Qe5 36. f4 Qh5 37. Re3 Qg4 38. Rf1 Rc8 39. f5 Bxd4 40. Qxd4 Rxf5 41. Ref3 Rcf8 42. Rf4 Rxf4 43. Rxf4 Rxf4 44. gxf4 Qd7 45. Kf2 Kf7 46. Qh8 Ke6 47. Qe5+ Kf7 48. Qh8 Ke6 1/2-1/2

[Event "Quebec op U2000"]
[Site "Ste-Foy CAN"]
[Date "2017.08.19"]
[Round "9.21"]
[White "Beauchesne, Jonathan"]
[Black "Genest, Dominic"]
[Result "1/2-1/2"]
[WhiteElo "1778"]
[BlackElo "1757"]
[WhiteFideId "-1"]
[WhiteFideId "-1"]
[PlyCount "41"]
[GameId "2160767908347399"]
[EventDate "2017.08.12"]
[EventType "swiss"]
[EventRounds "9"]
[EventCountry "CAN"]
[SourceTitle "EXT 2022"]
[Source "ChessBase"]
[SourceDate "2021.10.06"]
[SourceVersion "1"]
[SourceVersionDate "2021.10.06"]
[SourceQuality "1"]

1. e4 c5 2. Nf3 d6 3. d3 Nf6 4. g3 b5 5. Nbd2 Nc6 6. Bg2 Bb7 7. O-O g6 8. c3 Bg7 9. Re1 O-O 10. Nf1 Qc7 11. Ne3 Rad8 12. a4 b4 13. c4 e6 14. Qc2 d5 15. cxd5 exd5 16. Qxc5 dxe4 17. dxe4 Nxe4 18. Qc4 Nd6 19. Qh4 Qe7 20. Qxe7 Nxe7 21. Nc2 1/2-1/2

[Event "Quebec op U2000"]
[Site "Ste-Foy CAN"]
[Date "2017.08.19"]
[Round "9.23"]
[White "Sarra-Bournet, Marc"]
[Black "Potvin, Alain-Nicolas"]
[Result "0-1"]
[WhiteElo "1793"]
[BlackElo "1838"]
[WhiteFideId "-1"]
[WhiteFideId "-1"]
[PlyCount "198"]
[GameId "2160767908347400"]
[EventDate "2017.08.12"]
[EventType "swiss"]
[EventRounds "9"]
[EventCountry "CAN"]
[SourceTitle "EXT 2022"]
[Source "ChessBase"]
[SourceDate "2021.10.06"]
[SourceVersion "1"]
[SourceVersionDate "2021.10.06"]
[SourceQuality "1"]

1. e4 d6 2. d4 Nf6 3. Nc3 g6 4. f4 Bg7 5. Nf3 O-O 6. Bd3 Na6 7. O-O c5 8. d5 Bg4 9. h3 Bxf3 10. Qxf3 Nb4 11. Be3 c4 12. Bxc4 Nxc2 13. Rac1 Nxe3 14. Qxe3 Rc8 15. Bb3 Qa5 16. e5 Nd7 17. exd6 exd6 18. Qe7 Qb6+ 19. Kh1 Nc5 20. Na4 Nxa4 21. Bxa4 Qxb2 22. Rxc8 Rxc8 23. Be8 Qf6 24. Qd7 Qd8 25. Qa4 Qe7 26. Bb5 a6 27. Bd3 Qe3 28. Qc2 Re8 29. f5 gxf5 30. Bxf5 Qg3 31. Bxh7+ Kh8 32. Qd3 Re1 33. Be4 Rxf1+ 34. Qxf1 Be5 35. Qg1 b5 36. Bc2 a5 37. Bb3 a4 38. Bc2 Kg7 39. Bb1 b4 40. Bc2 b3 41. Bb1 b2 42. Bc2 a3 43. Bb1 Qc3 44. g3 Qf3+ 45. Kh2 Qxd5 46. Qe3 Qa5 47. Qg5+ Kf8 48. Qh6+ Ke8 49. Qe3 Qb4 50. Qe2 Qc3 51. Qd3 Qe1 52. Kg2 Bxg3 53. Qe4+ Qxe4+ 54. Bxe4 Bh4 55. Kf3 d5 56. Bd3 Kf8 57. Kf4 Bf6 58. Kf5 Kg7 59. Kf4 Kh6 60. Kg4 Bd4 61. Bc2 Be3 62. Bb1 d4 63. Bd3 Kg7 64. Kf5 Bf2 65. Kg5 f6+ 66. Kf5 Kf7 67. Bc2 Ke7 68. Bb1 Bh4 69. Ke4 Bf2 70. Kd5 Kd7 71. Kc4 Ke6 72. Kb3 d3 73. Bxd3 Bc5 74. Kc4 Bf8 75. Kd4 f5 76. Ke3 Ke5 77. Bc2 Bh6+ 78. Kf3 f4 79. Bh7 Kd4 80. Ke2 Kc3 81. Bg6 b1=Q 82. Bxb1 Kb2 83. Bg6 Kxa2 84. Bf7+ Kb2 85. Kf3 a2 86. Bxa2 Kxa2 87. h4 Kb3 88. Ke2 Kc3 89. Kf2 Kd4 90. Kf3 Ke5 91. Kf2 Ke4 92. Ke2 f3+ 93. Kf1 Kf4 94. Kf2 Kg4 95. h5 Bf4 96. h6 Bxh6 97. Kg1 Kg3 98. Kh1 Kf2 99. Kh2 Ke2 0-1

[Event "Quebec op U2000"]
[Site "Ste-Foy CAN"]
[Date "2017.08.19"]
[Round "9.24"]
[White "Jobin, Rock"]
[Black "Gauthier, Luc"]
[Result "0-1"]
[WhiteElo "1617"]
[BlackElo "1695"]
[WhiteFideId "-1"]
[WhiteFideId "-1"]
[PlyCount "82"]
[GameId "2160767908347401"]
[EventDate "2017.08.12"]
[EventType "swiss"]
[EventRounds "9"]
[EventCountry "CAN"]
[SourceTitle "EXT 2022"]
[Source "ChessBase"]
[SourceDate "2021.10.06"]
[SourceVersion "1"]
[SourceVersionDate "2021.10.06"]
[SourceQuality "1"]

1. e4 Nf6 2. e5 Nd5 3. d4 d6 4. c4 Nb6 5. Nf3 Bg4 6. exd6 exd6 7. Be3 Nc6 8. Nbd2 Be7 9. Qc2 Qd7 10. a3 a5 11. d5 Ne5 12. Nxe5 dxe5 13. Bd3 Qd6 14. Ne4 Qd7 15. d6 Bd8 16. dxc7 Qxc7 17. c5 Nc8 18. Bb5+ Bd7 19. Bxd7+ Qxd7 20. O-O O-O 21. Rfd1 Qc6 22. Rac1 h6 23. Ng3 Qe6 24. Nf5 Be7 25. Nxe7+ Nxe7 26. Rd6 Qc8 27. Bxh6 gxh6 28. Rxh6 Qf5 29. Qc3 Qg5 30. Rh3 Nf5 31. Rd1 Rad8 32. Rd6 Rxd6 33. cxd6 Qg4 34. Qd2 Qf4 35. Qd1 Rd8 36. g3 Qg5 37. Rh5 Qg6 38. Qf3 Nd4 39. Qd1 Rxd6 40. Rxe5 Kf8 41. Rxa5 Qe4 0-1

[Event "Quebec-ch Senior"]
[Site "Montreal CAN"]
[Date "2017.04.21"]
[Round "1"]
[White "Bergeron, Jean-Guy"]
[Black "Lesage, Philippe"]
[Result "0-1"]
[WhiteElo "1448"]
[BlackElo "1706"]
[WhiteFideId "-1"]
[WhiteFideId "-1"]
[PlyCount "76"]
[GameId "2160767908411748"]
[EventDate "2017.04.21"]
[EventType "swiss"]
[EventRounds "1"]
[EventCountry "CAN"]
[SourceTitle "EXT 2022"]
[Source "ChessBase"]
[SourceDate "2021.10.06"]
[SourceVersion "1"]
[SourceVersionDate "2021.10.06"]
[SourceQuality "1"]

1. c4 Nf6 2. Nc3 d5 3. d4 g6 4. Bg5 Ne4 5. Bf4 Nxc3 6. bxc3 Bg7 7. e3 O-O 8. Qb3 dxc4 9. Bxc4 Nc6 10. Qb5 e5 11. dxe5 Qe7 12. Nf3 a6 13. Qb2 Bg4 14. Bg5 Qc5 15. Bb3 Bxf3 16. gxf3 Nxe5 17. Ke2 Qb5+ 18. Kd1 Nxf3 19. Be7 Qd3+ 20. Kc1 Bxc3 21. Qc2 Qxc2+ 22. Kxc2 Bxa1 23. Bxf8 Rxf8 24. Rxa1 Rd8 25. Rc1 c6 26. Kb1 Nxh2 27. Rc4 Nf3 28. Rf4 Nd2+ 29. Kc2 Nxb3 30. axb3 Rd5 31. Rb4 Rb5 32. Rd4 Kf8 33. Re4 h5 34. Rh4 Kg7 35. f4 Rd5 36. e4 Rd4 37. e5 Kh6 38. Kc3 c5 0-1

[Event "Quebec-ch Senior"]
[Site "Montreal CAN"]
[Date "2017.04.21"]
[Round "1"]
[White "Blanchette, Rene"]
[Black "Langlois, Jean-Marie"]
[Result "1-0"]
[WhiteElo "1719"]
[BlackElo "1460"]
[WhiteFideId "-1"]
[WhiteFideId "-1"]
[PlyCount "65"]
[GameId "2160767908411749"]
[EventDate "2017.04.21"]
[EventType "swiss"]
[EventRounds "1"]
[EventCountry "CAN"]
[SourceTitle "EXT 2022"]
[Source "ChessBase"]
[SourceDate "2021.10.06"]
[SourceVersion "1"]
[SourceVersionDate "2021.10.06"]
[SourceQuality "1"]

1. e4 d6 2. d4 e6 3. Nc3 a6 4. f4 g6 5. Nf3 Ne7 6. Be3 Nd7 7. Qd2 Bg7 8. O-O-O b6 9. h4 Nf6 10. Bd3 Bb7 11. Kb1 Qc8 12. h5 Nxh5 13. g4 Nf6 14. Rdg1 Nd7 15. f5 Ng8 16. fxe6 fxe6 17. Ng5 Nf8 18. Qf2 Qd7 19. Rf1 Bf6 20. e5 O-O-O 21. exf6 Bxh1 22. Rxh1 h6 23. Bxa6+ Kb8 24. d5 e5 25. Bb5 Qxg4 26. Nf7 Rc8 27. Bxb6 Rh7 28. Ba7+ Kb7 29. Bc6+ Ka6 30. Rh4 Qxh4 31. Qxh4 Kxa7 32. Qa4+ Kb6 33. Qb5+ 1-0

[Event "Quebec-ch Senior"]
[Site "Montreal CAN"]
[Date "2017.04.21"]
[Round "1"]
[White "Chira, Dan"]
[Black "Kozlov, Guennadi"]
[Result "0-1"]
[WhiteElo "1488"]
[BlackElo "1740"]
[WhiteFideId "-1"]
[WhiteFideId "-1"]
[PlyCount "84"]
[GameId "2160767908411750"]
[EventDate "2017.04.21"]
[EventType "swiss"]
[EventRounds "1"]
[EventCountry "CAN"]
[SourceTitle "EXT 2022"]
[Source "ChessBase"]
[SourceDate "2021.10.06"]
[SourceVersion "1"]
[SourceVersionDate "2021.10.06"]
[SourceQuality "1"]

1. d4 d5 2. Bf4 Nf6 3. e3 Bf5 4. Bd3 Bxd3 5. Qxd3 c6 6. Nf3 e6 7. Nbd2 Nbd7 8. c3 Be7 9. Ne5 Nh5 10. Bg3 Nxe5 11. Bxe5 Bd6 12. Qe2 Nf6 13. Bg3 O-O 14. Bh4 Be7 15. O-O-O b5 16. e4 dxe4 17. Nxe4 Nxe4 18. Bxe7 Nxc3 19. bxc3 Qxe7 20. Qd3 Rfd8 21. Rhe1 Qc7 22. g3 c5 23. Qc2 cxd4 24. Rxd4 Rxd4 25. cxd4 Qd7 26. Qb2 Rc8+ 27. Kb1 Rc4 28. Rd1 h6 29. f4 a5 30. Qd2 Rb4+ 31. Ka1 Qd5 32. Qf2 Qc4 33. Qd2 Qd5 34. Qf2 Rc4 35. Qd2 b4 36. Qb2 a4 37. Kb1 Qe4+ 38. Ka1 Rc2 39. Qxb4 Qe2 40. Qb8+ Kh7 41. Qb1 Qc4 42. Rd2 Qc3+ 0-1

[Event "Quebec-ch Senior"]
[Site "Montreal CAN"]
[Date "2017.04.21"]
[Round "1"]
[White "Gauthier, Denis"]
[Black "Cote, Claude"]
[Result "0-1"]
[WhiteElo "2022"]
[BlackElo "1617"]
[WhiteFideId "-1"]
[WhiteFideId "-1"]
[PlyCount "148"]
[GameId "2160767908411751"]
[EventDate "2017.04.21"]
[EventType "swiss"]
[EventRounds "1"]
[EventCountry "CAN"]
[SourceTitle "EXT 2022"]
[Source "ChessBase"]
[SourceDate "2021.10.06"]
[SourceVersion "1"]
[SourceVersionDate "2021.10.06"]
[SourceQuality "1"]

1. d4 e6 2. c4 b6 3. e4 Bb7 4. Bd3 Nc6 5. Nf3 Nb4 6. Nc3 Nxd3+ 7. Qxd3 Ne7 8. Bg5 h6 9. Bh4 d6 10. O-O g5 11. Bg3 f5 12. h3 Qd7 13. b4 Bg7 14. a4 O-O 15. Rad1 fxe4 16. Nxe4 Bxe4 17. Qxe4 Qxa4 18. Qxe6+ Rf7 19. b5 Nf5 20. Bh2 a5 21. bxa6 Qxa6 22. Rfe1 Qc8 23. Qd5 c6 24. Qe4 Qd7 25. Qd3 Raf8 26. Rb1 Qd8 27. Re6 Rf6 28. Qe2 Rxe6 29. Qxe6+ Kh7 30. Qe4 Kh8 31. Rd1 Qd7 32. Re1 Rf6 33. g4 Nh4 34. Nxh4 gxh4 35. Bf4 d5 36. cxd5 Qxd5 37. Qe3 b5 38. Be5 Rg6 39. Bxg7+ Kxg7 40. Qe7+ Kh8 41. Qf8+ Qg8 42. Qc5 Re6 43. Ra1 Qe8 44. Kg2 Re2 45. Qf5 Qe4+ 46. Qxe4 Rxe4 47. Rd1 Rf4 48. f3 Kg7 49. Kf2 Rf7 50. Ke3 Re7+ 51. Kd3 Rd7 52. Kc3 Kg6 53. f4 Re7 54. Kd3 Rd7 55. Ke4 Re7+ 56. Kf3 Ra7 57. Rd3 b4 58. Ke4 Re7+ 59. Kf3 Ra7 60. Ke2 Ra3 61. Kd2 Ra2+ 62. Ke3 Rg2 63. Ke4 Kf6 64. Rd1 Rg3 65. Rc1 b3 66. Rxc6+ Kg7 67. Rc7+ Kf6 68. Rc6+ Kg7 69. Rb6 Rxh3 70. d5 Kf7 71. f5 Rc3 72. Rb7+ Ke8 73. Kd4 h3 74. Rh7 b2 0-1

[Event "Quebec-ch Senior"]
[Site "Montreal CAN"]
[Date "2017.04.21"]
[Round "1"]
[White "Gauthier, Luc"]
[Black "Rabutki, Dimitri"]
[Result "1-0"]
[WhiteElo "1699"]
[BlackElo "1440"]
[WhiteFideId "-1"]
[WhiteFideId "-1"]
[PlyCount "105"]
[GameId "2160767908411752"]
[EventDate "2017.04.21"]
[EventType "swiss"]
[EventRounds "1"]
[EventCountry "CAN"]

1. e4 e5 2. f4 d6 3. Nf3 Bg4 4. Bc4 Nd7 5. d3 h6 6. h3 Bh5 7. f5 Bxf3 8. Qxf3 Qe7 9. Nc3 c6 10. a4 a6 11. Be3 Qh4+ 12. g3 Qd8 13. a5 Ngf6 14. g4 Be7 15. h4 Ng8 16. g5 hxg5 17. hxg5 Rxh1+ 18. Qxh1 Bxg5 19. Qh5 Bh4+ 20. Kd2 Qe7 21. Bxf7+ Qxf7 22. Qxh4 Ndf6 23. Rg1 Rd8 24. Qg5 Rd7 25. b3 Kf8 26. Na4 Qh5 27. Nb6 Rf7 28. Qxh5 Nxh5 29. Nc8 Rd7 30. Nb6 Rd8 31. Nc4 Kf7 32. Rg6 Nhf6 33. Bb6 Rd7 34. Be3 Ne7 35. Rg1 Ne8 36. Bg5 Nf6 37. Nb6 Rd8 38. Nc4 Nc8 39. Rh1 Na7 40. Be3 c5 41. b4 Ng4 42. Nxd6+ Rxd6 43. Bxc5 Nc8 44. Bxd6 Nxd6 45. c4 Nf6 46. b5 axb5 47. cxb5 Nxb5 48. Rb1 Nd6 49. Rxb7+ Nxb7 50. a6 Nd6 51. a7 Nfe8 52. a8=Q g6 53. Qd5+ 1-0

[Event "Quebec-ch Senior"]
[Site "Montreal CAN"]
[Date "2017.04.21"]
[Round "1"]
[White "Hebert, Mario"]
[Black "Bouchard, Jean-Marc"]
[Result "0-1"]
[WhiteElo "1613"]
[BlackElo "1957"]
[WhiteFideId "-1"]
[WhiteFideId "-1"]
[PlyCount "48"]
[GameId "2160767908411753"]
[EventDate "2017.04.21"]
[EventType "swiss"]
[EventRounds "1"]
[EventCountry "CAN"]
[SourceTitle "EXT 2022"]
[Source "ChessBase"]
[SourceDate "2021.10.06"]
[SourceVersion "1"]
[SourceVersionDate "2021.10.06"]
[SourceQuality "1"]

1. c4 e6 2. Nf3 d5 3. g3 f5 4. Bg2 Nf6 5. b3 c6 6. Bb2 Bd6 7. O-O O-O 8. d3 Bd7 9. Nbd2 Be8 10. Qc2 Nbd7 11. e4 fxe4 12. dxe4 Bc5 13. cxd5 exd5 14. exd5 Bg6 15. Qc3 cxd5 16. Rac1 Rc8 17. Nd4 Qb6 18. Qe3 Rce8 19. Qf4 Ne4 20. Nxe4 Rxf4 21. Nxc5 Nxc5 22. gxf4 Nd3 23. Bxd5+ Bf7 24. Bxf7+ Kxf7 0-1

[Event "Quebec-ch Senior"]
[Site "Montreal CAN"]
[Date "2017.04.21"]
[Round "1"]
[White "Morin, Louis"]
[Black "Molloy, Francis"]
[Result "1-0"]
[WhiteElo "1912"]
[BlackElo "1550"]
[WhiteFideId "-1"]
[WhiteFideId "-1"]
[PlyCount "59"]
[GameId "2160767908411755"]
[EventDate "2017.04.21"]
[EventType "swiss"]
[EventRounds "1"]
[EventCountry "CAN"]
[SourceTitle "EXT 2022"]
[Source "ChessBase"]
[SourceDate "2021.10.06"]
[SourceVersion "1"]
[SourceVersionDate "2021.10.06"]
[SourceQuality "1"]

1. e4 c5 2. d4 cxd4 3. c3 d5 4. exd5 Qxd5 5. cxd4 Nc6 6. Nf3 Nf6 7. Nc3 Qd8 8. d5 Nb8 9. Bf4 a6 10. Bc4 b5 11. Bb3 Bb7 12. Qd4 Nbd7 13. O-O-O Rc8 14. Rhe1 Qb6 15. Kb1 Qxd4 16. Rxd4 Nb6 17. d6 e6 18. Ng5 Nc4 19. d7+ Nxd7 20. Nxf7 Rg8 21. Ng5 e5 22. Bxe5 Ndxe5 23. Bxc4 Rxc4 24. Rxe5+ Be7 25. Nd5 Bxd5 26. Rdxd5 Rf8 27. f3 h6 28. Ne4 Kf7 29. Rd7 Kg8 30. Rexe7 1-0

[Event "Quebec-ch Senior"]
[Site "Montreal CAN"]
[Date "2017.04.22"]
[Round "2"]
[White "Bouchard, Jean-Marc"]
[Black "Gauthier, Luc"]
[Result "1-0"]
[WhiteElo "1957"]
[BlackElo "1699"]
[WhiteFideId "-1"]
[WhiteFideId "-1"]
[PlyCount "73"]
[GameId "2160767908411757"]
[EventDate "2017.04.21"]
[EventType "swiss"]
[EventRounds "1"]
[EventCountry "CAN"]
[SourceTitle "EXT 2022"]
[Source "ChessBase"]
[SourceDate "2021.10.06"]
[SourceVersion "1"]
[SourceVersionDate "2021.10.06"]
[SourceQuality "1"]

1. e4 Nf6 2. Nc3 d5 3. exd5 Nxd5 4. Nf3 Bg4 5. h3 Bh5 6. Nxd5 Qxd5 7. Be2 e6 8. O-O Nc6 9. d4 O-O-O 10. c3 f6 11. Qb3 Qxb3 12. axb3 Kb8 13. Re1 Bd6 14. Be3 g5 15. g4 Bg6 16. Bb5 Ne7 17. Bc1 Nd5 18. Rxe6 Bf7 19. Re1 Nf4 20. Bxf4 Bxf4 21. Bc4 Bxc4 22. bxc4 h5 23. Kg2 b6 24. Re6 hxg4 25. hxg4 Rh6 26. Rh1 Rxh1 27. Kxh1 Rd6 28. Re2 Kc8 29. Kg2 Kd7 30. Ne1 Re6 31. Kf3 Rxe2 32. Kxe2 c5 33. Nd3 cxd4 34. cxd4 Bc7 35. b3 Bh2 36. Kf3 Ke6 37. Ke4 1-0

[Event "Quebec-ch Senior"]
[Site "Montreal CAN"]
[Date "2017.04.22"]
[Round "2"]
[White "Cote, Claude"]
[Black "Millette, Sylvain"]
[Result "1/2-1/2"]
[WhiteElo "1617"]
[BlackElo "1687"]
[WhiteFideId "-1"]
[WhiteFideId "-1"]
[PlyCount "28"]
[GameId "2160767908411758"]
[EventDate "2017.04.21"]
[EventType "swiss"]
[EventRounds "1"]
[EventCountry "CAN"]
[SourceTitle "EXT 2022"]
[Source "ChessBase"]
[SourceDate "2021.10.06"]
[SourceVersion "1"]
[SourceVersionDate "2021.10.06"]
[SourceQuality "1"]

1. e4 Nf6 2. Nc3 d5 3. exd5 Nxd5 4. Qf3 c6 5. Bc4 Be6 6. Nxd5 Bxd5 7. Bxd5 Qxd5 8. Qxd5 cxd5 9. Nf3 Nc6 10. d4 g6 11. c3 Bg7 12. Bf4 O-O 13. O-O b5 14. Rfe1 e6 1/2-1/2